Politique Française en V - Statistiques

Statistiques générales
  • Ce quiz a été pris 168 fois
  • Le résultat moyen est 6 sur 10
Statistiques - réponses
Hint Réponse % Correct
Ancienne ministre de la Santé sous le gouvernement Balladur à l’origine de la loi de dépénalisation de l’Interruption Volontaire de Grossesse (IVG). Elle a été panthéonisée en 2018. Simone Veil
95%
Premier ministre socialiste de 2014 à 2016, il a également été conseiller municipal de Barcelone. Manuel Valls
93%
Ville ayant hébergé le gouvernement du régime collaborationniste français dirigé par Philippe Pétain et Pierre Laval entre 1940 et 1944. Vichy
93%
Couleur utilisée pour représenter les mouvements politiques écologistes à travers le monde. Vert
92%
Méthode permettant une prise de décision commune, synonyme de scrutin. Vote
88%
Ancien député macroniste de l’Isère, ancien ministre de la Santé au cœur de l’épidémie du COVID-19, il a été porte-parole du gouvernement. Il est également neurologue. Olivier Véran
68%
Mathématicien, ancien député (2017-2022), d’abord macroniste puis non-inscrit, il se revendique de l’écologie politique. Il est battu d’une courte tête aux élections législatives de 2022 par le macroniste Paul Midy. Cédric Villani
58%
Ministre des Affaires étrangères du gouvernement Jospin, il a également été secrétaire général et porte-parole de la présidence de la République sous François Mitterrand. Il est l'auteur de nombreux ouvrages portant sur la géopolitique. Hubert Védrine
21%
Sénatrice écologiste des français établis hors de France ayant un profil rassembleur ayant réalisé l’unité autour de sa candidature avant l’Union de la gauche. Ouvertement homosexuelle, elle milite notamment pour les droits LGBTQIA+, tout en se positionnant fortement sur les questions de féminisme et d’antiracisme. Mélanie Vogel
10%
Ancien sénateur socialiste, maire de Marseille de 1986 à 1995. Robert Vigouroux
7%
Aucun quiz correspondant
Distribution des résultats
% des personnes avec chaque résultat
Percentile par nombre de réponses
Votre historique - résultats
Vous n’avez pas pris ce quiz